Le son (Record no. 154913)

MARC details
000 -LEADER
campo de control de longitud fija 00803nam a22002175i 4500
001 - NÚMERO DE CONTROL
campo de control 154913
003 - IDENTIFICADOR DE NÚMERO DE CONTROL
campo de control ES-MaACL
005 - FECHA Y HORA DE LA ÚLTIMA TRANSACCIÓN
campo de control 20230906205911.0
008 - DATOS DE LONGITUD FIJA--INFORMACIÓN GENERAL
campo de control de longitud fija 040715s1875 fr a |||| | fre d
040 ## - FUENTE DE CATALOGACIÓN
Centro catalogador/agencia de origen CAM
Lengua de catalogación spa
Centro/agencia transcriptor CAM
100 1# - ENTRADA PRINCIPAL--NOMBRE DE PERSONA
Nombre de persona Guillemin, Amédée.
9 (RLIN) 127621
245 13 - MENCIÓN DEL TÍTULO
Título Le son
Resto del título : notions d'acoustique physique et musicale.
260 ## - PUBLICACIÓN, DISTRIBUCIÓN, ETC.
Lugar de publicación, distribución, etc. Paris :
Nombre del editor, distribuidor, etc. Librairie Hachette et c\pie\s,
Fecha de publicación, distribución, etc. 1875 (
Lugar de fabricación/manufactura Coulommiers :
Fabricante Typ. A. Moussin)
300 ## - DESCRIPCIÓN FÍSICA
Extensión VIII, 302 p. ;
Dimensiones 18 cm.
490 1# - MENCIÓN DE SERIE
Mención de serie Petite encyclopédie populaire / par Amédée Guillemin
650 #4 - PUNTO DE ACCESO ADICIONAL DE MATERIA--TÉRMINO DE MATERIA
Término de materia o nombre geográfico como elemento de entrada Sonido.
9 (RLIN) 136890
650 #4 - PUNTO DE ACCESO ADICIONAL DE MATERIA--TÉRMINO DE MATERIA
Término de materia o nombre geográfico como elemento de entrada Acústica.
9 (RLIN) 135495
830 0# - PUNTO DE ACCESO ADICIONAL DE SERIE-TÍTULO UNIFORME
Título uniforme Petite encyclopédie populaire / par Amédée Guillemin
9 (RLIN) 221519
852 ## - LOCALIZACIÓN
Ubicación ES-MaACL
Número de control de estantería G-10721
Nota libre -- Enc. hol.
-- -- Ex-libris ms. de Gustavo Saenz Diez
Holdings
Estatus retirado Estado de pérdida Estado de daño No para préstamo Colección Biblioteca de origen Biblioteca actual Ubicación en estantería Fecha de adquisición Fuente de adquisición Total de préstamos Signatura topográfica completa Código de barras Visto por última vez Precio de reemplazo Tipo de ítem Koha
        Libros del s. XIX Biblioteca del Ateneo de Madrid Biblioteca del Ateneo de Madrid Sala Pecera Planta 3 17/01/2008     G-10721 1162044 23/02/2023 23/02/2023 Libro impreso antiguo